=LDR 00000nam 2200000 4500 =001 NUTBA000000000000666 =005 20140508114323.0 =006 =007 =008 =020 ##$$a 978-602-00-0127-2 =035 ##$$a 0010-031400000000665 =040 ##$$a Ind =082 ##$$a 813 =090 ##$$a 813$bKit w =100 ##$$a Phoebe kitanidis =245 ##$$a Whisper$bBisikan $cPhoebe kitanidis =260 ##$$a Jakarta$bKompas gramedia$c2011 =300 ##$$a 318 Hlm$c16 cm. =850 ##$$a NBPNMAT =990 ##$$a 21101534 =990 ##$$a 91915/BPAP-NTB/2014 =990 ##$$a 92493/BPAP-NTB/2014 =990 ##$$a 91915/BPAP-NTB/2014 =990 ##$$a 92493/BPAP-NTB/2014 =990 ##$$a 21196339/BPAP-NTB/2014